000 00590nam a2200229 i 4500
001 C2-0310167
003 PPAK
005 20180728101417.0
008 110612s1978 -hk |||| ||||| | eng d
040 _aPPAK
_beng
_cPPAK
_erda
082 0 4 _a823
_223
090 0 0 _a823
_bSYE
_dKMI
100 0 _aSyed Waliullah,
_eauthor
245 1 0 _aTree without roots
264 1 _aHong Kong :
_bHeinemann ,
_c1978
300 _a223 pages ;
_c18 cm
336 _2rdacontent
_atext
337 _2rdamedia
_aunmediated
338 _2rdacarrier
_avolume
650 1 0 _aEnglish fiction
942 _ddc
_cB
999 _c112657
_d112657